[Event "FICGS theme 0001 email"]
[Site "FICGS email"]
[Date "2013.10.12"]
[Round "1"]
[White "Dineen, Thomas"]
[Black "Kitzig, Tobias"]
[Result "1-0"]
[WhiteElo "2167"]
[BlackElo "1500"]
[PlyCount "45"]
[EventDate "2013.??.??"]
[EventType "swiss (corr)"]
[EventRounds "1"]
[SourceTitle "Corr 2022"]
[Source "ChessBase"]
[SourceDate "2021.10.24"]
[SourceVersion "1"]
[SourceVersionDate "2021.10.24"]
[SourceQuality "1"]

1. e4 e5 2. Nf3 Nc6 3. Bc4 Bc5 4. b4 Bxb4 5. c3 Be7 6. d4 d6 7. Qb3 Nf6 8. Ng5 0-0 9. Nxf7 Rxf7 10. Bxf7+ Kh8 11. Be3 Nxe4 12. 0-0 Bd7 13. d5 Na5 14. Qb4 Qf8 15. Be6 Bxe6 16. dxe6 b6 17. Qxe4 Rd8 18. Nd2 c6 19. Nb3 d5 20. Qxe5 Bd6 21. Qh5 Nc4 22. Nd4 c5 23. Nc6 1-0

[Event "FICGS theme 0001 email"]
[Site "FICGS email"]
[Date "2013.10.12"]
[Round "1"]
[White "Marcel, Alexis"]
[Black "Dineen, Thomas"]
[Result "0-1"]
[WhiteElo "1138"]
[BlackElo "2167"]
[PlyCount "22"]
[EventDate "2013.??.??"]
[EventType "swiss (corr)"]
[EventRounds "1"]
[SourceTitle "Corr 2022"]
[Source "ChessBase"]
[SourceDate "2021.10.24"]
[SourceVersion "1"]
[SourceVersionDate "2021.10.24"]
[SourceQuality "1"]

1. e4 e5 2. Nf3 Nc6 3. Bc4 Bc5 4. b4 Bxb4 5. 0-0 Nf6 6. d3 0-0 7. c3 Ba5 8. Bb2 d6 9. Nbd2 Nh5 10. Nxe5 Nxe5 11. Qxh5 Bg4 0-1